000 00440nam a2200193Ia 4500
003 OSt
005 20260223105436.0
008 220613s9999||||xx |||||||||||||| ||und||
020 _a9788189485122
040 _cSRHU
082 _a 613.704
100 _aDigambaraji Swami
245 0 _aHath Pradeepika Svatmarama ( Hindi)
250 _a6th(2017)
260 _bKaivalyadhama Lonavia
300 _a248
650 _ayoga
942 _cGB
999 _c11736
_d11736